000 00448nam a22001817a 4500
003 OSt
008 200714b ||||| |||| 00| 0 eng d
020 _a9789388877570
082 _a615.19 NAM
100 _a Narajji, Chandrashekhar
245 _aMEDICINAL CHEMISTRY- I
250 _a1st
260 _aNew Delhi
_bNirali Prakashan
_c2019
300 _aMisc
650 _aMedicinal Chemistry
700 _a Patil,Vibha Chandan
942 _2ddc
_cBK
999 _c8926
_d8926